Managing By Values : How to put your values into action for extraordinary results

Bibliographic Details
Main Author: Blanchard Ken
Format: Book
Published: San Francisco : Berrett-Koehler Publishers, Inc , 1997

MARC

LEADER 00000cam a2200000 7i4500
001 0000064240
005 20160627.0
008 160627
020 |a 1576752747 
020 |a 9781576752746 
090 0 0 |a 658.4   |b KEN 
100 1 |a Blanchard Ken 
245 0 0 |a Managing By Values :   |b How to put your values into action for extraordinary results   |c Blanchard Ken 
260 |a San Francisco :   |b Berrett-Koehler Publishers, Inc ,   |c 1997 
999 |a 0001087046   |b Book   |c Adult Collection   |e Cawangan Taman Sri Lambak